Magániskola - a művészet határain innen és túl az

Bibliographic Details
Main Author: Bodnár, Gyula, 1948- (Author)
Format: Article
Language:Hungarian
PhysicalDescription:Fotogr.
ISSN:1335-6445
Subjects:

MARC

LEADER 00000nab a2200000 a 4500
001 vtls009335207
003 SK-MaSNL
005 20260319070944.0
008 141024c2008 xo |||||||| 000 b|hun
015 |a SNBRB2008/09  |2 snkbucl 
038 |a SNKBUCL 
040 |a DSZK  |b slo  |c DSZK  |e AACR2 
041 0 |a hun 
044 |a xo  |c SK 
080 |a 373.67  |x (=511.141)  |x (437.6)  |2 1997 
080 |a 37.058  |x (=511.141)  |x (437.6)  |2 1997 
080 |a 37.036  |x (=511.141)  |x (437.6)  |2 1997 
100 1 |a Bodnár, Gyula,  |d 1948-  |4 aut  |9 100698 
245 1 0 |a Magániskola - a művészet határain innen és túl az  |c Bodnár Gyula 
300 |b Fotogr. 
610 2 7 |a Súkromná združená stredná škola služieb a umeleckých remesiel (Kolárovo, Slovensko)  |2 snkbucl  |9 1041410 
651 7 |a Kolárovo (Slovensko)  |2 snkbucl  |9 19149 
773 0 |t Katedra  |g Évf. XVI, sz. 1 (2008), o. 12-13  |x 1335-6445 
852 |a SNK  |b KIS3GCP 
852 |a DSZK  |b KIS3GCP 
958 |a HU 
958 |a SK 
999 |c 1729521  |d 1731451